000 02646nam0a2200397 4500
001 RU\NLR\BIBL_A\012559176
005 20211223155507.0
010 _a978-5-502-01309-3
_9100
021 _aRU
_bКН-П-21-013382
_9КН-П-21-1080
035 _a(NLR Aleph) 012559176
090 _a12455276
_c12455276
100 _a20210706d2020 u y0rusy50 ca
101 0 _arus
102 _aRU
105 _a |||j|||000zy
181 0 _ai3
_baxxe
182 0 _an
200 1 _aСистемный анализ
_eучебное пособие для подготовки магистров по направлению "Прикладная математика и информатика"
_fЮ.М. Максимов, Е.С. Митяков, Т.А. Федосеева
_gМинистерство науки и высшего образования Российской Федерации, Федеральное государственное бюджетное образовательное учреждение высшего образования "Нижегородский государственный технический университет им. Р.Е. Алексеева"
203 _aТекст
_bвизуальный
_cнепосредственный
210 _aНижний Новгород
_cНижегородский государственный технический университет им. Р.Е. Алексеева
_d2020
215 _a108, [2] с.
_cил., табл.
_d21
313 _aАнализ информационных потоков в каналах связи.
320 _aБиблиогр.: с. 105 (7 назв.)
606 1 _aСоциально-экономические системы
_xСистемные методы исследования
_jУчебные издания для высших учебных заведений
_2nlr_sh1
_2nlr_sh2
_3RU\NLR\AUTH\661266845
606 1 _aИнформация
_xПередача
_xТеория
_jУчебные издания для высших учебных заведений
_2nlr_sh2
_3RU\NLR\AUTH\661499539
686 1 _aУ010.5в6я73
686 1 _aЮ251.28я73
686 1 _aЗ811.3я73-1
700 1 _aМаксимов
_bЮ. М.
_cд-р техн. наук, информатика
_f1945-
_gЮрий Михайлович
_3RU\NLR\AUTH\77121054
701 1 _aМитяков
_bЕ. С.
_gЕвгений Сергеевич
701 1 _aФедосеева
_bТ. А.
_gТатьяна Александровна
942 _cBOOK
980 _aNBR
980 _aNB